Biochemistry of biomolecules (Record no. 358455)

MARC details
000 -LEADER
fixed length control field 00477 a2200181 4500
005 - DATE & TIME
control field 20250521153028.0
008 - FIXED-LENGTH DATA ELEMENTS--GENERAL INFORMATION
fixed length control field 250507b |||||||| |||| 00| 0 eng d
020 ## - ISBN
International Standard Book Number 9788183296267
Price Rs. 3200.00
040 ## - CATALOGING SOURCE
Original cataloging agency VIVEKANANDA LIBRARY
082 ## - DDC NUMBER
Classification number 572
Book Number S23B
100 ## - MAIN ENTRY--PERSONAL NAME
Personal name Sharma, A K
245 ## - TITLE STATEMENT
Title Biochemistry of biomolecules
260 ## - PUBLICATION, DISTRIBUTION, ETC. (IMPRINT)
Name of publisher, distributor, etc Shree Publishers and Distributors
Date of publication, distribution, etc 2024
Place of publication, distribution, etc New Delhi
300 ## - PHYSICAL DESCRIPTION
Pages 312
650 ## - Subject
Subject Biochemistry
650 ## - Subject
Subject Molecular Biochemistery
942 ## - ADDED ENTRY ELEMENTS (KOHA)
Koha item type Books
Holdings
Withdrawn status Lost status Source of classification or shelving scheme Damaged status Not for loan Location (home branch) Sublocation or collection (holding branch) Shelving location Date acquired Koha issues (times borrowed) Koha full call number Accession No. Koha date last seen Koha item type
    Dewey Decimal Classification     VIVEKANANDA LIBRARY VIVEKANANDA LIBRARY Vivekananda Library 23/12/2024   572 S23B 441370 23/12/2024 Books
© Designed and Maintained by Vivekananda Library, MDU Rohtak